| 000 | 00340nam a22000977a 4500 | ||
|---|---|---|---|
| 008 | 211018b ||||| |||| 00| 0 eng d | ||
| 100 | _aHeinrich Kohler Auctions | ||
| 245 | _aSchleswig - Danish to German Empire Christopher King collection (II) 2021 | ||
| 260 |
_aWiesbaden, Germany _bHeinrich Kohler Auctions _c2021 |
||
| 650 | _aSchleswig; Denmark | ||
| 999 |
_c3180 _d3180 |
||